Responses for show #3225 - Friday, September 18, 1998

Lance Johnson game 3.

Contestants

[<< previous game]

Fred Moten, a professor of English from Los Angeles, California

Catherine Williamson, a manuscript cataloguer from Los Angeles, California

Lance Johnson, an event coordinator from Champaign, Illinois (whose 2-day cash winnings total $20,899)

[next game >>]

Jeopardy! Round responses

WHAT YEAR WAS THAT, GUV?
GETTIN' CATTY
TV HAYSEEDS
SHAKESPEARE
OBITS
CROSSWORD CLUES "R"
    $100 1
1066

Fred
    $100 26
Kitten

Lance
    $100 21
(Alex: Gaw-lee, you're right!)

Gomer Pyle

Lance
    $100 6
Romeo

Lance
    $100 7
Lloyd Bridges

Catherine
    $100 12
Rest

Lance
    $500 2
(Alex: Fred, you have support in the audience. $500 - Sure, that's the way to do it - it's so early in the game.)

1940

Fred
    $200 27
Siamese

Catherine
    $200 22
Elly May Clampett

Lance
    $200 15
Fairies

Catherine
    $200 8
James Michener

Triple Stumper
    $200 13
Reveille

Lance
    $300 3
1215

Lance
    $300 28
(L: What is tortoiseshell?)

Tabby

LanceCatherine
    $300 23
"Boss" Jefferson Davis Hogg

Catherine
    $300 16
Richard III

Lance
    $300 9
Shinichi Suzuki

Lance
    $300 14
Ramses

Catherine
    $400 4
(C: What is 1488?)
(Alex: You were on the right track - you just misspoke!)

1588

LanceCatherine
    $400 29
Lynx

Lance
    $400 24
Sam McCloud

Lance
    $400 19
(Alex: Stone of Scone is from Scotland.)

"Macbeth"

Triple Stumper
    $400 10
Frank Sinatra

Lance
    $400 17
Rendezvous

Fred
    $500 5
1688

Fred
    $500 30
Russian blue

Lance
    $500 25
(F: Who is Darryl?)
(Alex: "Hi, I'm Larry, this is my brother Darryl & this is my other brother, Darryl")
(we have less than a minute to go, Lance...)

Larry

LanceFred
    $500 20
(F: Who is Cassius?)

Brutus

Fred
Triple Stumper
    $500 11
Dadaism

Triple Stumper
    $500 18
Rideshare

Triple Stumper

Scores at the first commercial break (after clue 13):

Lance Catherine Fred
$1,800 -$300 $1,100

Scores at the end of the Jeopardy! Round:

Lance Catherine Fred
$4,000 $1,000 $500

Double Jeopardy! Round responses

THE UNITED STATES OF MEXICO
SHALL WE DANCE?
CATCHING SOME "Z"'S
DR. BENJAMIN SPOCK
LOGIC
LEONARD NIMOY FILMS
    $200 23
Bullfighting

Catherine
    $200 6
Paris

Lance
    $200 18
Count Ferdinand von Zeppelin

Lance
    $200 13
New Haven, Connecticut

Fred
    $200 1
Induction

Fred
    $200 7
William Shatner

Lance
    $400 24
(we have less than a minute to go in the round...)

Guadalajara

Lance
    $400 9
Lambada

Fred
    $400 19
Zealot

Lance
    $400 14
The Mayo Clinic

Lance
    $400 2
Circular argument

Triple Stumper
    $400 8
"Invasion of the Body Snatchers"

Catherine
    $600 25
Ernesto Zedillo

Fred
    $600 10
(C: What is the Achy Breaky?)
(Alex:(showing step sequence) Leave me alone! I don't dance...not a dancer!)

Conga

Catherine
Triple Stumper
    $600 20
Zorro

Lance
    $700 3
Bertrand Russell

Fred
    $600 15
"Three Men And A Baby"

Catherine
    $800 27
(buzzer sounds)

Belize, Guatemala & United States

Lance
    $800 11
3/4

Catherine
    $800 21
Zambezi

Catherine
    $800 4
Philosophical fallacy

Triple Stumper
    $800 16
"Them!"

Lance
    $1000 26
Eagle

Lance
    $1000 12
Kabuki

Catherine
    $1000 22
Zwieback

Lance
    $1000 5
Sets

Fred
    $1000 17
Diane Keaton

Catherine

Scores at the end of the Double Jeopardy! Round:

Lance Catherine Fred
$10,000 $5,200 $3,600

[wagering suggestions for these scores]

Final Jeopardy! Round responses

SPORTS HISTORY
(Alex: France won their first World Cup in 1998 & Chirac was the president at that time.)
FredWho is Chirac
$3,600
CatherineWho is De Gaulle
$4,801
LanceWho is J. Chirac
$401
Jacques Chirac

Final scores:

Lance Catherine Fred
$10,401 $399 $7,200
3-day champion: $31,300 3rd place: Trip to Ingleside Inn, Palm Springs 2nd place: Trip to Harvey's Resort Hotel/Casino in Lake Tahoe

Game dynamics:

Coryat scores:

Lance Catherine Fred
$10,000 $5,200 $3,200
26 R
(including 1 DD),
1 W
13 R,
2 W
10 R
(including 2 DDs),
2 W

Combined Coryat: $18,400

The J! Archive is created by fans, for fans. The Jeopardy! game show and all elements thereof, including but not limited to copyright and trademark thereto, are the property of Jeopardy Productions, Inc. and are protected under law. This website is not affiliated with, sponsored by, or operated by Jeopardy Productions, Inc. Join the discussion at JBoard.tv.